Вође Совјетског Савеза - Statistics

General Stats
  • This quiz has been taken 369 times
  • The average score is 4 of 8
Answer Stats
Године Вођа % Correct
1924–1953 Јосиф Стаљин
98%
1917–1924 Владимир Лењин
93%
1985–1991 Михаил Горбачов
72%
1953–1964 Никита Хрушчов
67%
1964–1982 Леонид Брежњев
55%
1982–1984 Јуриј Андропов
22%
1984–1985 Константин Черњенко
11%
1953 Георгиј Маљенков
9%
No matching quizzes found
Score Distribution
Percent of People with Each Score
Percentile by Number Answered
Your Score History
You have not taken this quiz